[Event "2005 US Chessmaster Championship"]
[Site "San Diego"]
[Date "2004.12.04"]
[Round "9"]
[White "Shulman, Y."]
[Black "Kamsky, G."]
[Result "1/2-1/2"]
[WhiteElo "2549"]
[BlackElo "2717"]
[PlyCount "137"]
[EventDate "2004.??.??"]
[WhiteTeam "USA"]
[BlackTeam "USA"]
[WhiteTeamCountry "USA"]
[BlackTeamCountry "USA"]

1. d4 Nf6 2. c4 e6 3. Nc3 Bb4 4. e3 O-O 5. Nge2 d5 6. a3 Bd6 7. c5 Be7 8. b4 c6
9. Nf4 b6 10. Be2 a5 11. Bb2 Ba6 12. O-O Nbd7 13. Bxa6 Rxa6 14. Qe2 Qa8 15. Nd3
Qb7 16. Rab1 axb4 17. axb4 Rb8 18. f3 bxc5 19. bxc5 Raa8 20. e4 Qa6 21. Rfc1
Bd8 22. Ra1 Qb7 23. Rxa8 Rxa8 24. Qc2 dxe4 25. fxe4 e5 26. d5 cxd5 27. Nxd5
Nxd5 28. exd5 Qxd5 29. c6 Rc8 30. Kh1 f6 31. Nb4 Qe6 32. Qd3 Nf8 33. Qa6 Rb8
34. Ba3 Qb3 35. Qa7 Rc8 36. Qa6 Rc7 37. h3 Ne6 38. Qa8 Kf7 39. Ra1 Be7 40. Na6
Qc3 41. Rd1 Qxc6 42. Nxc7 Qxa8 43. Nxa8 Bxa3 44. Rd7+ Kg6 45. Nc7 Nf8 46. Rd3
Bc5 47. Rc3 Bf2 48. g3 Be1 49. Rb3 h5 50. Kg2 Ba5 51. Nd5 Ne6 52. Rb7 Bd8 53.
Rd7 f5 54. Rd6 Kf7 55. Rd7+ Ke8 56. Rd6 Nd4 57. g4 hxg4 58. hxg4 fxg4 59. Rg6
Kf7 60. Rxg4 g5 61. Ne3 Ke6 62. Kh3 Nf5 63. Nxf5 Kxf5 64. Rg1 Ba5 65. Rf1+ Ke4
66. Kg4 Bd2 67. Rf8 Kd3 68. Rd8+ Ke2 69. Re8 1/2-1/2

[Event "2005 US Chessmaster Championship"]
[Site "San Diego"]
[Date "2004.12.04"]
[Round "9"]
[White "Lopez, B."]
[Black "Casella, M."]
[Result "0-1"]
[WhiteElo "2403"]
[BlackElo "2259"]
[PlyCount "76"]
[EventDate "2004.??.??"]
[WhiteTeam "USA"]
[BlackTeam "USA"]
[WhiteTeamCountry "USA"]
[BlackTeamCountry "USA"]

1. e4 e5 2. Bc4 Nf6 3. d3 Nc6 4. Nc3 Bb4 5. Nge2 d5 6. exd5 Nxd5 7. O-O Be6 8.
Kh1 O-O 9. Bb3 Qd7 10. f4 Nxf4 11. Nxf4 exf4 12. Bxf4 Rae8 13. Qh5 Nd4 14. Ba4
c6 15. Ne4 Be7 16. c3 Bg4 17. Qe5 Ne6 18. Nf2 Nxf4 19. Nxg4 Bd6 20. Qg5 f6 21.
Qh4 g5 22. Qg3 Re2 23. Nf2 Rfe8 24. Ne4 R8xe4 25. dxe4 Rxg2 26. Qf3 Rxb2 27.
Bb3+ Kg7 28. e5 Bxe5 29. Rad1 Qh3 30. Rf2 Qxf3+ 31. Rxf3 g4 32. Rg3 h5 33. Rd7+
Kh6 34. h4 Ng6 35. Rg2 Rxg2 36. Kxg2 Nxh4+ 37. Kf1 Bxc3 38. Bc2 g3 0-1